[Event "KGZ-ch"]
[Site "Bishkek"]
[Date "2012.04.03"]
[Round "3"]
[White "Sapar, Emelbek"]
[Black "Maznitsin, Andrei"]
[Result "1-0"]
[WhiteElo "2380"]
[BlackElo "2220"]
[PlyCount "79"]
[EventDate "2012.04.01"]
[EventType "swiss"]
[EventRounds "11"]
[EventCountry "KGZ"]
[SourceTitle "EXT 2013"]
[Source "ChessBase"]
[SourceDate "2012.11.22"]
[SourceVersion "1"]
[SourceVersionDate "2012.11.22"]
[SourceQuality "1"]

1. d4 Nf6 2. c4 e6 3. Nc3 b6 4. e4 Bb7 5. f3 d5 6. cxd5 exd5 7. e5 Nfd7 8. f4 c5 9. Nf3 cxd4 10. Nxd4 Bc5 11. Be3 0-0 12. Bb5 Re8 13. Nce2 a6 14. Ba4 b5 15. Bc2 Qa5+ 16. Kf2 Nc6 17. Bf5 Nf8 18. Rc1 Nxd4 19. Nxd4 Bxd4 20. Bxd4 Qxa2 21. Bb1 Qa5 22. f5 Rac8 23. Rxc8 Rxc8 24. Qd3 Qb4 25. Rd1 a5 26. h4 a4 27. h5 Rc4 28. Ba2 Rc7 29. h6 g6 30. Kg1 Bc8 31. e6 fxe6 32. Qg3 Rc1 33. Rxc1 Qxd4+ 34. Qf2 Qxf2+ 35. Kxf2 Bd7 36. fxe6 Bxe6 37. Rc5 b4 38. Bxd5 Kf7 39. Bxe6+ Nxe6 40. Ra5 1-0

[Event "KGZ-ch"]
[Site "Bishkek"]
[Date "2010.??.??"]
[Round "3"]
[White "Sapar, Emelbek"]
[Black "Markov, Mikhail2"]
[Result "1/2-1/2"]
[WhiteElo "2374"]
[BlackElo "2119"]
[PlyCount "21"]
[EventDate "2010.04.17"]
[EventType "swiss"]
[EventRounds "11"]
[EventCountry "KGZ"]
[SourceTitle "EXT 2014"]
[Source "ChessBase"]
[SourceDate "2013.11.20"]
[SourceVersion "1"]
[SourceVersionDate "2013.11.20"]
[SourceQuality "1"]

1. d4 d5 2. c4 c6 3. Nf3 Nf6 4. e3 Bg4 5. h3 Bxf3 6. Qxf3 Nbd7 7. cxd5 cxd5 8. Nc3 e6 9. Bd3 Bb4 10. Bd2 a6 11. a3 1/2-1/2